|
|
|
|
| LEADER |
00000cam a2200000 a 4500 |
| 001 |
vtls010598440 |
| 003 |
SK-MaSNL |
| 005 |
20260302022313.0 |
| 008 |
160429s2014 xo o g 000 0dslo |
| 015 |
|
|
|a SNBA2014/07
|
| 020 |
|
|
|a 9788055611808 (brož.)
|
| 035 |
|
|
|a BEAF4DE1-E446-4E22-AFC3-366CF651AAA3
|
| 035 |
|
|
|a urn:nbn:sk:snk-amk20j
|
| 035 |
|
|
|a urn:nbn:sk:snk-am0086gh
|
| 040 |
|
|
|a SNK
|b slo
|c SNK
|e AACR2
|
| 041 |
1 |
|
|a slo
|h eng
|
| 044 |
|
|
|a xo
|c SK
|
| 072 |
|
7 |
|a 27
|x Kresťanstvo.Kresťanská cirkev všeobecne. Ekleziológia
|2 konspekt
|
| 080 |
|
|
|a 272-732.2-051
|2 2001
|
| 080 |
|
|
|a 27-46
|2 2001
|
| 080 |
|
|
|a 27-46/-47:910.4
|2 2001
|
| 080 |
|
|
|a (084.12)
|2 2001
|
| 100 |
1 |
|
|a Giansanti, Gianni,
|d 1956-2009
|4 aut
|4 pht
|9 169526
|
| 240 |
1 |
0 |
|a John Paul II. the Pope Who changed the World
|l Slovensky
|
| 245 |
1 |
0 |
|a Ján Pavol II.
|b pápež, ktorý zmenil svet
|c fotografie Gianni Giansanti ; text Valentina Alazraki ; [z anglického originálu preložil Oto Havrila ]
|
| 260 |
|
|
|a Bratislava
|b Slovart
|c 2014
|
| 300 |
|
|
|a 174 s.
|b fareb. fotogr.
|c 24 cm
|
| 600 |
0 |
7 |
|a Ján Pavol
|b II.,
|c pápež,
|d 1920-2005
|2 SNKMA
|9 106999
|
| 600 |
0 |
7 |
|a John Paul
|b II.,
|c Pope,
|d 1920-2005
|2 SNKMAeng
|9 402425
|
| 648 |
|
7 |
|a 20.-21. stor.
|2 SNKPH
|9 270701
|
| 648 |
|
7 |
|a 20th-21st centuries
|2 SNKPHeng
|9 285312
|
| 650 |
0 |
7 |
|a pápeži
|2 SNKPH
|9 1971
|
| 650 |
0 |
7 |
|a pastorácia
|2 SNKPH
|9 1972
|
| 650 |
0 |
7 |
|a pastoračné cesty
|2 SNKPH
|9 4155
|
| 650 |
0 |
7 |
|a Popes
|2 SNKPHeng
|9 311611
|
| 650 |
0 |
7 |
|a Pastorate
|2 SNKPHeng
|9 266917
|
| 650 |
0 |
7 |
|a Pastoral journeys
|2 SNKPHeng
|9 335157
|
| 655 |
|
7 |
|a fotografické publikácie
|2 SNKPH
|9 70483
|
| 655 |
|
7 |
|a Photographical works
|2 SNKPHeng
|9 278887
|
| 700 |
1 |
|
|a Alazraki, Valentina,
|d 1955-
|9 169527
|
| 700 |
1 |
|
|a Havrila, Otto,
|d 1963-
|4 trl
|9 167397
|
| 852 |
|
|
|a Štátna vedecká knižnica v Banskej Bystrici
|
| 919 |
|
|
|a 978-80-556-1180-8
|
| 958 |
|
|
|a NT
|
| 958 |
|
|
|a BC
|
| 958 |
|
|
|a OP
|
| 968 |
|
|
|b ENG
|
| 999 |
|
|
|c 1032217
|d 1034147
|
| 952 |
|
|
|a SNK
|b SNK
|y PREZ
|7 0
|p 17A1111852
|o snkSC 159885
|i snk2014/13342
|8 0
|0 0
|1 0
|4 0
|d 2014-06-06
|f 1
|l 0
|r 2025-08-22 00:00:00
|w 2026-02-24
|
| 952 |
|
|
|a SNK
|b SNK
|y VYP
|7 0
|p 17A1111853
|o snkSC 159885 D1
|i snk2014/13343
|8 0
|0 0
|1 0
|4 0
|d 2014-06-06
|l 0
|r 2026-02-24 13:58:10
|w 2026-02-24
|